[Event "Hasselbacken Open 2016"]
[Site "Stockholm SWE"]
[Date "2016.05.01"]
[Round "2.44"]
[White "Tolhuizen, Ludo"]
[Black "Van Foreest, Lucas"]
[Result "0-1"]
[WhiteElo "2132"]
[BlackElo "2368"]
[WhiteFideId "1000802"]
[BlackFideId "1039792"]
[EventDate "2016.04.30"]

1. d4 Nf6 2. Nf3 g6 3. Nc3 d5 4. Bf4 Bg7 5. e3 O-O 6. Be2 c5 7. O-O Nc6 8. Ne5
Bf5 9. Nxc6 bxc6 10. Na4 Nd7 11. c3 Qa5 12. Nxc5 Nxc5 13. b4 Qa3 14. bxc5 Qxc3
15. Qa4 Qc2 16. Qxc2 Bxc2 17. Ba6 Rae8 18. Bb7 Ba4 19. Rfb1 e5 20. dxe5 Bxe5 21.
Bxe5 Rxe5 22. Rb4 Re4 23. Rxe4 dxe4 24. h4 f5 25. Ba6 Rb8 26. Bc4+ Kg7 27. Bb3
Bb5 28. Rd1 Bd3 29. Ba4 Kf6 30. Rd2 Rb1+ 31. Kh2 Rc1 32. Bxc6 Rxc5 33. Ba4 Ra5
34. Bb3 Rb5 35. Kg3 Ke5 36. f4+ Kd6 37. Bc4 Rc5 38. Bxd3 Rd5 39. Kf2 exd3 40. e4
fxe4 41. Ke3 Kc5 42. Kxe4 Kc4 43. g4 Rd8 44. f5 gxf5+ 45. gxf5 Re8+ 46. Kf4 Kc3
47. Rd1 d2 0-1

[Event "Hasselbacken Open 2016"]
[Site "Stockholm SWE"]
[Date "2016.05.01"]
[Round "2.45"]
[White "Schneider, Stefan"]
[Black "Nieminen, Kari"]
[Result "1-0"]
[WhiteElo "2359"]
[BlackElo "2127"]
[WhiteFideId "1703013"]
[BlackFideId "500739"]
[EventDate "2016.04.30"]

1. d4 Nf6 2. c4 e6 3. Nf3 c5 4. d5 b5 5. Bg5 b4 6. e4 h6 7. Bxf6 Qxf6 8. e5 Qd8
9. Bd3 a5 10. O-O Ra7 11. Qa4 Bb7 12. Be4 Be7 13. Nbd2 Kf8 14. d6 Bg5 15. Bxb7
Rxb7 16. Ne4 Qb6 17. Nfxg5 hxg5 18. Nxg5 Nc6 19. Nf3 Rh5 20. Rfe1 g6 21. Qd1 Kg7
22. g4 Rh6 23. Qd2 Rb8 24. Qf4 Rf8 25. Qf6+ Kg8 26. Rad1 Qd8 27. Ng5 Qxf6 28.
exf6 Nd4 29. Re5 Rc8 30. Kg2 Rc6 31. h3 Kf8 32. Ne4 Ne2 33. Nxc5 Nf4+ 34. Kg3 g5
35. Rxg5 Ng6 36. Nxd7+ Ke8 37. Rxg6 1-0

[Event "Hasselbacken Open 2016"]
[Site "Stockholm SWE"]
[Date "2016.05.01"]
[Round "2.46"]
[White "Eriksson, Jon"]
[Black "Cramling, Dan"]
[Result "0-1"]
[BlackTitle "IM"]
[WhiteElo "2130"]
[BlackElo "2354"]
[WhiteFideId "503894"]
[BlackFideId "1700162"]
[EventDate "2016.04.30"]

1. Nf3 c5 2. c4 g6 3. d4 Bg7 4. e4 Qb6 5. dxc5 Qxc5 6. Be2 d6 7. O-O Bg4 8. Nbd2
Nf6 9. Rb1 a5 10. Ne1 Bxe2 11. Qxe2 Nc6 12. Nef3 a4 13. Re1 Nb4 14. e5 dxe5 15.
Nxe5 Nxa2 16. Nd3 Qc7 17. c5 O-O 18. Nc4 Nd5 19. Bd2 b5 20. Nb6 Nxb6 21. cxb6
Qc4 22. Bf4 e5 23. Be3 Rfd8 24. Nc5 Qxe2 25. Rxe2 Bf8 26. f3 Rab8 27. Na6 Rb7
28. Nc7 b4 29. Bg5 Rd6 30. Rxe5 f6 31. Ne8 fxe5 0-1

[Event "Hasselbacken Open 2016"]
[Site "Stockholm SWE"]
[Date "2016.05.01"]
[Round "2.47"]
[White "Hedman, Erik"]
[Black "Kucuksari, Kaan"]
[Result "0-1"]
[WhiteTitle "FM"]
[WhiteElo "2354"]
[BlackElo "2125"]
[WhiteFideId "1702351"]
[BlackFideId "6380166"]
[EventDate "2016.04.30"]

1. d4 d5 2. c4 c6 3. Nf3 Nf6 4. Nc3 e6 5. e3 Nbd7 6. Bd3 dxc4 7. Bxc4 b5 8. Be2
Bb7 9. O-O a6 10. e4 c5 11. e5 Nd5 12. a4 b4 13. Ne4 Qc7 14. b3 h6 15. Bb2 Be7
16. Rc1 Rc8 17. dxc5 Nxc5 18. Bd4 Nxe4 19. Rxc7 Rxc7 20. Bc4 O-O 21. Re1 Nec3
22. Qd3 Rd8 23. Qf1 a5 24. h4 Rcd7 25. Bb5 Nxb5 26. Qxb5 Nc3 27. Bxc3 bxc3 28.
Qxa5 c2 29. Qc3 Rc8 30. Qa1 Bxf3 31. gxf3 Ba3 32. Qxa3 Rd1 33. Kf1 c1=Q 0-1

[Event "Hasselbacken Open 2016"]
[Site "Stockholm SWE"]
[Date "2016.05.01"]
[Round "2.48"]
[White "Nihal, Sarin"]
[Black "Luna, Gustavo"]
[Result "1-0"]
[WhiteTitle "FM"]
[WhiteElo "2351"]
[BlackElo "2081"]
[WhiteFideId "25092340"]
[BlackFideId "1707582"]
[EventDate "2016.04.30"]

1. d4 Nf6 2. c4 e6 3. Nf3 Bb4+ 4. Bd2 Qe7 5. g3 O-O 6. Bg2 Bxd2+ 7. Qxd2 d6 8.
O-O Nc6 9. Nc3 d5 10. Ne5 Rd8 11. Nxc6 bxc6 12. cxd5 cxd5 13. Rfc1 Rb8 14. Nd1
Ba6 15. Rc2 Ne8 16. Rac1 Qb4 17. e3 Qxd2 18. Rxd2 Bb5 19. Bf1 Bd7 20. f3 Rb6 21.
Rc5 Rdb8 22. Kf2 Kf8 23. b3 Ra8 24. Ra5 a6 25. Rc2 Ke7 26. Nb2 Kd8 27. Nd3 Bb5
28. Nc5 Bxf1 29. Kxf1 Nd6 30. Ke2 Ra7 31. Nd3 Nb7 32. Ra4 Ra8 33. Rb4 Rxb4 34.
Nxb4 Kd7 35. Nd3 Nd6 36. e4 f6 37. exd5 exd5 38. Nb4 Nf5 39. Rc5 c6 40. Ra5 Kc7
41. Rxa6 Rxa6 42. Nxa6+ Kb6 43. Nc5 h5 44. a4 1-0

[Event "Hasselbacken Open 2016"]
[Site "Stockholm SWE"]
[Date "2016.05.01"]
[Round "2.49"]
[White "Bit-Narva, David"]
[Black "Lokander, Martin"]
[Result "0-1"]
[BlackTitle "FM"]
[WhiteElo "2127"]
[BlackElo "2348"]
[WhiteFideId "24128856"]
[BlackFideId "1709569"]
[EventDate "2016.04.30"]

1. e4 c5 2. Nf3 e6 3. b3 b6 4. Bb2 Bb7 5. Nc3 Nf6 6. e5 Ne4 7. Bd3 Nxc3 8. Bxc3
Nc6 9. Be4 Be7 10. O-O f5 11. exf6 Bxf6 12. Ne5 Bxe5 13. Bxe5 Nxe5 14. Bxb7 Rb8
15. Be4 Qf6 16. f4 Nf7 17. c3 O-O 18. Qc2 g6 19. Rae1 b5 20. Re3 Kg7 21. Bd3 Rb6
22. Rg3 Nd6 23. Qd1 c4 24. Bc2 Nf5 25. Bxf5 Qxf5 26. Rg5 Qd3 27. Rf3 Qd6 28. d4
Rxf4 29. Qf1 Rxf3 30. Qxf3 cxb3 31. axb3 b4 32. Rg4 bxc3 33. Rf4 c2 0-1

[Event "Hasselbacken Open 2016"]
[Site "Stockholm SWE"]
[Date "2016.05.01"]
[Round "2.50"]
[White "Bellon Lopez, Juan Manuel"]
[Black "Braathen, Tom"]
[Result "1-0"]
[WhiteTitle "GM"]
[WhiteElo "2345"]
[BlackElo "2078"]
[WhiteFideId "2200031"]
[BlackFideId "1702017"]
[EventDate "2016.04.30"]

1. d4 Nf6 2. c4 e6 3. Nf3 Bb4+ 4. Nbd2 O-O 5. e3 d5 6. a3 Be7 7. Bd3 c5 8. b3
Nc6 9. Bb2 b6 10. O-O Bb7 11. Qe2 Rc8 12. Rfd1 cxd4 13. exd4 Qc7 14. h3 Qb8 15.
Rac1 Rfd8 16. Bb1 Bf8 17. Qe3 Ne7 18. Ne5 Ng6 19. Ndf3 Ne4 20. Bxe4 dxe4 21. Ng5
Nxe5 22. dxe5 Rxd1+ 23. Rxd1 Rd8 24. Rd4 Bc5 25. Rxd8+ Qxd8 26. Qf4 Qd7 27. b4
Bf8 28. Nxe4 Qd1+ 29. Kh2 Qe2 30. Nd6 f6 31. exf6 Qxb2 32. f7+ Kh8 33. Nxb7 e5
34. Qe3 e4 35. Qf4 1-0

[Event "Hasselbacken Open 2016"]
[Site "Stockholm SWE"]
[Date "2016.05.01"]
[Round "2.51"]
[White "Ask, Josef"]
[Black "Mihajlov, Sebastian"]
[Result "1/2-1/2"]
[BlackTitle "FM"]
[WhiteElo "2118"]
[BlackElo "2343"]
[WhiteFideId "1704583"]
[BlackFideId "1512110"]
[EventDate "2016.04.30"]

1. e4 e6 2. d3 c5 3. g3 Nc6 4. Bg2 g6 5. Nf3 Bg7 6. O-O Nge7 7. Re1 O-O 8. e5
Qc7 9. Qe2 Nf5 10. Na3 a6 11. Bf4 b5 12. c3 Bb7 13. Nc2 h6 14. h4 Rad8 15. Ne3
Nce7 16. Ng4 Nd5 17. Bc1 d6 18. c4 h5 19. Ngh2 Nb4 20. a3 Nc6 21. Bg5 Rd7 22. g4
Nfd4 23. Nxd4 Nxd4 24. Qd1 Bxg2 25. Kxg2 Qb7+ 26. Kh3 dxe5 27. gxh5 bxc4 28.
dxc4 Nb3 29. Qe2 Nxa1 30. Rxa1 e4 31. Rg1 Qxb2 32. Qxe4 Qxa3+ 33. Rg3 Rd4 34.
Qe2 Qb4 35. hxg6 Qxc4 36. Qh5 fxg6 37. Qxg6 e5 38. Be7 Rf7 39. Bg5 Rxf2 40. h5
Qf7 41. Be3 Qd7+ 42. Ng4 Rf6 43. Qg5 Rc4 44. Qxe5 Rxg4 45. Rxg4 Kh8 46. Qe4 Re6
47. Qf3 Qd3 48. Rg3 Rf6 49. Qg4 Qf5 50. Bxc5 Kh7 51. Bd4 Qxg4+ 1/2-1/2

[Event "Hasselbacken Open 2016"]
[Site "Stockholm SWE"]
[Date "2016.05.01"]
[Round "2.52"]
[White "Olund, Joar"]
[Black "Eriksson, Kristian"]
[Result "1/2-1/2"]
[WhiteTitle "FM"]
[WhiteElo "2339"]
[BlackElo "2068"]
[WhiteFideId "1714848"]
[BlackFideId "1705172"]
[EventDate "2016.04.30"]

1. d4 Nf6 2. Nf3 e6 3. c4 b6 4. g3 Bb7 5. Bg2 Bb4+ 6. Bd2 Bxd2+ 7. Qxd2 O-O 8.
O-O d6 9. Rd1 Nbd7 10. Nc3 Ne4 11. Nxe4 Bxe4 12. d5 Bxf3 13. exf3 e5 14. b4 a5
15. a3 f5 16. f4 exf4 17. Qxf4 axb4 18. axb4 Qf6 19. Rxa8 Rxa8 20. Qe3 Qe5 21.
Qxe5 Nxe5 22. c5 bxc5 23. bxc5 Nd7 24. cxd6 cxd6 25. Rb1 Rb8 26. Ra1 Nc5 27. Bh3
g6 28. g4 fxg4 29. Bxg4 Kg7 30. Ra7+ Rb7 31. Ra8 Kf6 32. Re8 Re7 33. Rd8 Ke5 34.
Bf3 Nd3 35. Rb8 Kd4 36. Rd8 Rf7 37. Be2 Nf4 38. Bf3 Nxd5 39. Kg2 Ke5 40. Ra8 Nf6
41. h4 d5 42. Ra6 Ne4 43. Ra2 Rd7 44. h5 gxh5 45. Bxh5 Kf4 46. Ra3 d4 47. Be2
Nc3 48. Bd3 h5 49. Ra5 Rd5 50. Ra8 Rg5+ 51. Kh3 Nd5 52. Bc4 Kf3 53. Kh4 Rg4+ 54.
Kxh5 Nf4+ 55. Kh6 Kxf2 56. Re8 Rg6+ 57. Kh7 Rc6 58. Bb5 Rc5 59. Re4 Rh5+ 60. Kg8
Rxb5 61. Rxd4 Ke3 62. Ra4 Rb7 63. Kf8 Ne6+ 64. Kg8 Nd4 65. Kf8 Ke4 66. Ra5 Nf5
67. Ke8 Nd6+ 68. Kf8 Nc4 69. Rc5 Ne5 70. Rc1 Kf5 71. Rf1+ Ke6 72. Re1 Kf6 73.
Rf1+ Kg5 74. Ke8 Kg6 75. Kd8 Nc6+ 76. Kc8 Rf7 1/2-1/2

[Event "Hasselbacken Open 2016"]
[Site "Stockholm SWE"]
[Date "2016.05.01"]
[Round "2.53"]
[White "Welling, Gerard"]
[Black "Carlsten, Peter"]
[Result "1-0"]
[WhiteTitle "IM"]
[WhiteElo "2336"]
[BlackElo "2064"]
[WhiteFideId "1000446"]
[BlackFideId "1705067"]
[EventDate "2016.04.30"]

1. d4 d5 2. e3 e6 3. Bd3 Bd6 4. Nf3 f5 5. O-O Nf6 6. c4 b6 7. b3 Qe7 8. Bb2 O-O
9. Ne5 c6 10. Nd2 Ne4 11. f4 Bb7 12. Ndf3 Nd7 13. Rc1 Rac8 14. Qe2 Ndf6 15. Rc2
Rfd8 16. Rfc1 Ba3 17. Bxa3 Qxa3 18. g4 fxg4 19. Ng5 Qe7 20. cxd5 cxd5 21. Bxe4
dxe4 22. Rxc8 Rxc8 23. Rxc8+ Bxc8 24. Qc4 Qe8 25. Ngf7 b5 26. Qc7 Nd5 27. Qxa7
Qe7 28. Qb8 Qb7 29. Qd6 Qc7 30. Qxc7 Nxc7 31. Nd6 Ba6 32. Nc6 Kf8 33. Nb4 Ke7
34. Nxe4 Bb7 35. Nc5 Bf3 36. Kf2 Ba8 37. Kg3 h5 38. Kh4 Bf3 39. e4 Ne8 40. Nc6+
Kd6 41. Ne5 Be2 42. Kg3 Nf6 43. Kf2 Bd1 44. Ke1 Bc2 45. Nf7+ Ke7 46. Ng5 h4 47.
Kd2 Bb1 48. Kc1 g3 49. hxg3 h3 50. Nxh3 Bxe4 51. Kd2 Bg2 52. Ng5 1-0

[Event "Hasselbacken Open 2016"]
[Site "Stockholm SWE"]
[Date "2016.05.01"]
[Round "2.54"]
[White "Svensson, Leif 1940"]
[Black "Levushkina, Elena"]
[Result "0-1"]
[BlackTitle "WGM"]
[WhiteElo "2078"]
[BlackElo "2336"]
[WhiteFideId "1702459"]
[BlackFideId "14200686"]
[EventDate "2016.04.30"]

1. d4 d5 2. Nc3 Nf6 3. Bg5 c5 4. Bxf6 gxf6 5. e3 Nc6 6. Qh5 e6 7. Nf3 cxd4 8.
exd4 Qa5 9. Bd3 Ba3 10. O-O Bxb2 11. Nb5 Bxa1 12. Rxa1 Qd8 13. Re1 a6 14. Nc3
Ne7 15. Qh6 Rf8 16. Qxf6 Ng6 17. Qg7 Qa5 18. Re3 Bd7 19. Qf6 Rc8 20. Ne2 Qb4 21.
Ng3 Qe7 22. Nh5 Kd8 23. Ng5 h6 24. Nxf7+ Rxf7 25. Qxg6 Kc7 26. Qxh6 Rcf8 27. Re2
Qh4 28. g3 Qxd4 29. Qg5 Rxf2 30. Qe5+ Qxe5 31. Rxe5 Kd6 32. Nf4 Rd2 33. Rh5 e5
34. Rh6+ Kc5 35. Rh7 exf4 36. Rxd7 Kc6 37. Re7 f3 38. Re6+ Kd7 39. Rb6 f2+ 40.
Kf1 Rd1+ 41. Kg2 Kc7 0-1

[Event "Hasselbacken Open 2016"]
[Site "Stockholm SWE"]
[Date "2016.05.01"]
[Round "2.55"]
[White "Ornstein, Axel"]
[Black "Fors, Tomas"]
[Result "1-0"]
[WhiteTitle "IM"]
[WhiteElo "2325"]
[BlackElo "2063"]
[WhiteFideId "1700111"]
[BlackFideId "1705768"]
[EventDate "2016.04.30"]

1. d4 Nf6 2. Nf3 e6 3. Bg5 h6 4. Bh4 c5 5. c3 b6 6. e3 Bb7 7. Bd3 Be7 8. O-O Ne4
9. Bxe7 Qxe7 10. Qc2 f5 11. Ne5 Qg5 12. f4 Qf6 13. Nd2 Nxd2 14. Qxd2 O-O 15.
dxc5 bxc5 16. Bb5 d5 17. c4 Rc8 18. Rfd1 Nc6 19. Nd7 Qe7 20. cxd5 Qxd7 21. dxc6
Qxd2 22. Rxd2 Bxc6 23. Bc4 Re8 24. Rd6 Be4 25. Bxe6+ Kh8 26. Rad1 Rab8 27. b3
Rb6 28. Bf7 Rc8 29. Bg6 Rxd6 30. Rxd6 a5 31. g4 a4 32. gxf5 axb3 33. axb3 Rf8
34. h4 Bxf5 35. h5 Bxg6 36. hxg6 Rc8 37. Kf2 Kg8 38. Kf3 Kf8 39. Rd7 Rb8 40.
Rf7+ Kg8 41. Rc7 Kf8 42. Rxc5 Rxb3 43. Rc7 Ra3 44. f5 h5 45. Kf4 h4 46. Rc8+ Ke7
47. Rg8 1-0

[Event "Hasselbacken Open 2016"]
[Site "Stockholm SWE"]
[Date "2016.05.01"]
[Round "2.56"]
[White "Yapar, Nedim"]
[Black "Bruchmann, Stephan"]
[Result "1/2-1/2"]
[BlackTitle "FM"]
[WhiteElo "2068"]
[BlackElo "2318"]
[WhiteFideId "6307590"]
[BlackFideId "4624432"]
[EventDate "2016.04.30"]

1. e4 c6 2. d4 d5 3. e5 c5 4. dxc5 Nc6 5. Nf3 Bg4 6. c3 a6 7. Be3 Bxf3 8. Qxf3
Nxe5 9. Qg3 Nc6 10. Bd3 e5 11. O-O Nge7 12. f3 g6 13. Nd2 Bg7 14. Rad1 O-O 15.
h4 Qd7 16. h5 Rad8 17. Bf2 f5 18. Nc4 Qe6 19. Nd6 gxh5 20. Qh3 Qg6 21. Nxb7 Rb8
22. Bxa6 Ra8 23. Bd3 Rxa2 24. b4 e4 25. Bb1 Rb2 26. Nd6 Ne5 27. Kh1 Kh8 28. b5
Rg8 29. Qg3 Qe6 30. Qh3 Qg6 31. Qg3 Qe6 32. Qh3 Qg6 33. Qg3 1/2-1/2

[Event "Hasselbacken Open 2016"]
[Site "Stockholm SWE"]
[Date "2016.05.01"]
[Round "2.57"]
[White "Pajeken, Jakob Leon"]
[Black "Koepke, Christian"]
[Result "0-1"]
[BlackTitle "IM"]
[WhiteElo "2065"]
[BlackElo "2313"]
[WhiteFideId "12942839"]
[BlackFideId "4655737"]
[EventDate "2016.04.30"]

1. e4 c5 2. Nf3 d6 3. d4 cxd4 4. Nxd4 Nf6 5. Nc3 g6 6. Be3 Bg7 7. f3 Nc6 8. Qd2
O-O 9. g4 Nxd4 10. Bxd4 Qa5 11. g5 Nh5 12. Bxg7 Kxg7 13. Nd5 Qxd2+ 14. Kxd2 Be6
15. Nxe7 Rae8 16. Nd5 Bxd5 17. exd5 Re5 18. c4 Rxg5 19. Re1 Kf6 20. Bh3 Nf4 21.
Bg4 h5 22. h4 Re5 23. Rxe5 dxe5 24. Bh3 Ke7 25. Bf1 Kd6 26. Bd3 Rg8 27. Rg1 Rb8
28. a4 a5 29. Rc1 b6 30. Rg1 Rc8 31. Rg5 Rc7 32. Ke3 Re7 33. Kd2 Re8 34. Rg1 Kc5
35. Kc3 f5 36. Rf1 Kd6 37. Rf2 Ke7 38. Bc2 Kd6 39. Bb1 Re7 40. Bc2 Rc7 41. Rd2
Rc8 42. Bb1 Rg8 43. Bc2 g5 44. Bxf5 gxh4 45. b4 axb4+ 46. Kxb4 h3 47. a5 Rg2 48.
Rd1 bxa5+ 49. Kb5 Rb2+ 50. Ka6 h2 51. Ka7 Ne2 52. c5+ Kxc5 53. d6 Nd4 54. Rxd4
h1=Q 55. Rd5+ Kxd5 56. d7 Qg1+ 0-1

[Event "Hasselbacken Open 2016"]
[Site "Stockholm SWE"]
[Date "2016.05.01"]
[Round "2.58"]
[White "Aronsson, Marten"]
[Black "Taksrud, Vidar"]
[Result "1-0"]
[WhiteElo "2304"]
[BlackElo "2061"]
[WhiteFideId "1724223"]
[BlackFideId "1502158"]
[EventDate "2016.04.30"]

1. Nf3 Nf6 2. g3 d5 3. Bg2 c6 4. O-O g6 5. b3 Bg7 6. Bb2 O-O 7. c4 Nbd7 8. Qc2
dxc4 9. bxc4 Nc5 10. Nc3 Bf5 11. d3 Nxd3 12. exd3 Bxd3 13. Qb3 Bxf1 14. Rxf1 Qb6
15. Re1 e6 16. Ne5 Rfd8 17. Na4 Qxb3 18. axb3 Rac8 19. Nc5 b6 20. Nb7 Rd2 21.
Bc1 Ra2 22. Nxc6 Bf8 23. Bf4 Ne8 24. h3 Kg7 25. b4 h6 26. h4 a6 27. Rd1 Kh8 28.
c5 bxc5 29. bxc5 f6 30. Nd6 Nxd6 31. cxd6 1-0

[Event "Hasselbacken Open 2016"]
[Site "Stockholm SWE"]
[Date "2016.05.01"]
[Round "2.59"]
[White "Thiborg, Jesper"]
[Black "Rydstrom, Tom"]
[Result "0-1"]
[BlackTitle "FM"]
[WhiteElo "2052"]
[BlackElo "2302"]
[WhiteFideId "1711954"]
[BlackFideId "1714830"]
[EventDate "2016.04.30"]

1. Nf3 d5 2. d4 Nf6 3. c4 e6 4. Nc3 c6 5. cxd5 exd5 6. Qc2 Be7 7. Bf4 O-O 8. e3
Nbd7 9. Be2 Re8 10. O-O Nf8 11. Ne5 g6 12. Bg3 Bf5 13. Bd3 Bxd3 14. Nxd3 Nh5 15.
b4 Nxg3 16. hxg3 Bd6 17. b5 h5 18. bxc6 bxc6 19. Ne2 Rc8 20. Nc5 Qg5 21. Nf4 Nh7
22. Nb7 Bb8 23. Na5 Kg7 24. Rab1 h4 25. gxh4 Qxh4 26. Rxb8 Rxb8 27. Qxc6 Nf6 28.
g3 Qh6 29. Kg2 Rb6 30. Rh1 Rxc6 0-1

[Event "Hasselbacken Open 2016"]
[Site "Stockholm SWE"]
[Date "2016.05.01"]
[Round "2.60"]
[White "Bergstrom, Rolf"]
[Black "Delaere, Koen"]
[Result "1-0"]
[WhiteTitle "FM"]
[WhiteElo "2298"]
[BlackElo "1986"]
[WhiteFideId "1702386"]
[BlackFideId "226408"]
[EventDate "2016.04.30"]

1. e4 c5 2. Nf3 g6 3. c4 Nc6 4. d4 cxd4 5. Nxd4 d6 6. Be2 Nf6 7. Nc3 Nxd4 8.
Qxd4 Bg7 9. Bg5 O-O 10. Qd2 Be6 11. f3 Re8 12. Nd5 Nxd5 13. cxd5 Bd7 14. O-O b5
15. Rac1 Qb6+ 16. Be3 Qb7 17. Qa5 Rec8 18. b3 Bb2 19. Rxc8+ Rxc8 20. Qd2 Bc3 21.
Qd3 Bg7 22. Rc1 Rxc1+ 23. Bxc1 Qc7 24. Be3 a6 25. Kf2 Qc3 26. Qxc3 Bxc3 27. Bb6
Be5 28. g3 h5 29. f4 Bc3 30. Ke3 Kf8 31. Bc7 Bb4 32. Bb6 Bc3 33. Kd3 Be1 34. Bd4
Bb4 35. Ke3 Ba3 36. Bc3 Bc5+ 37. Bd4 Ba3 38. Kf2 Kg8 39. h4 Bb4 40. Bd3 Ba3 41.
f5 Bc1 42. Kf3 Bh6 43. Bc3 Bc1 44. fxg6 fxg6 45. e5 Bg4+ 46. Kf2 g5 47. e6 gxh4
48. gxh4 Bd1 49. Bg6 Bh6 50. Bf7+ Kh7 51. b4 Bg7 52. Bxg7 Kxg7 53. Ke3 Kh6 54.
Be8 Bc2 55. Kf4 Bb1 56. a3 Ba2 57. Bc6 Kg6 58. Bb7 Bb3 59. Bxa6 Bxd5 60. Bxb5
Bxe6 61. Be8+ Kf6 62. b5 Bd5 63. Bxh5 e5+ 64. Ke3 Bb7 65. a4 Ke7 66. a5 Kd8 67.
Bg6 1-0

[Event "Hasselbacken Open 2016"]
[Site "Stockholm SWE"]
[Date "2016.05.02"]
[Round "3.1"]
[White "Smith, Axel"]
[Black "Andreikin, Dmitry"]
[Result "1/2-1/2"]
[WhiteTitle "IM"]
[BlackTitle "GM"]
[WhiteElo "2503"]
[BlackElo "2736"]
[WhiteFideId "1707930"]
[BlackFideId "4158814"]
[EventDate "2016.04.30"]

1. d4 d5 2. c4 c6 3. Nc3 Nf6 4. e3 a6 5. Nf3 Bf5 6. cxd5 cxd5 7. Ne5 Nc6 8. Be2
g6 9. O-O Bg7 10. Nxc6 bxc6 11. b3 c5 12. dxc5 Ne4 13. Nxe4 Bxa1 14. Ng3 Be6 15.
b4 O-O 16. a4 Qc7 17. Qc2 Rfc8 18. Bd2 Bg7 19. Rc1 Bd7 20. b5 axb5 21. axb5 Ra1
22. Rxa1 Bxa1 23. Qa4 Be5 24. c6 Bxc6 25. bxc6 Qxc6 26. Qxc6 Rxc6 27. f4 Bc3 28.
Bxc3 Rxc3 29. Kf2 Rc2 30. h4 Kg7 31. h5 f5 32. hxg6 hxg6 1/2-1/2

[Event "Hasselbacken Open 2016"]
[Site "Stockholm SWE"]
[Date "2016.05.02"]
[Round "3.2"]
[White "Shirov, Alexei"]
[Black "Akesson, Ralf"]
[Result "1-0"]
[WhiteTitle "GM"]
[BlackTitle "GM"]
[WhiteElo "2686"]
[BlackElo "2452"]
[WhiteFideId "2209390"]
[BlackFideId "1700120"]
[EventDate "2016.04.30"]

1. e4 e6 2. d4 d5 3. e5 c5 4. c3 Nc6 5. Nf3 Bd7 6. Be2 Nge7 7. O-O Ng6 8. g3 Be7
9. h4 cxd4 10. cxd4 O-O 11. h5 Nh8 12. h6 g6 13. Nc3 f6 14. exf6 Bxf6 15. Bf4
Nf7 16. Qd2 g5 17. Be3 Kh8 18. Kg2 Rg8 19. Rh1 Qe7 20. g4 Raf8 21. Rh3 Nd6 22.
Bd3 Be8 23. Re1 Qd8 24. Ne5 Qc7 25. Rf3 Nxe5 26. dxe5 Bxe5 27. Bxa7 Rxf3 28.
Rxe5 Rf4 29. Rxe6 Bc6 30. Qxf4 d4+ 31. Kg1 gxf4 32. Bxd4+ Rg7 33. hxg7+ Kg8 34.
Rxd6 1-0

[Event "Hasselbacken Open 2016"]
[Site "Stockholm SWE"]
[Date "2016.05.02"]
[Round "3.3"]
[White "Kjartansson, Gudmundur"]
[Black "Almasi, Zoltan"]
[Result "0-1"]
[WhiteTitle "IM"]
[BlackTitle "GM"]
[WhiteElo "2457"]
[BlackElo "2682"]
[WhiteFideId "2301318"]
[BlackFideId "702293"]
[EventDate "2016.04.30"]

1. d4 Nf6 2. c4 e6 3. g3 c5 4. d5 exd5 5. cxd5 b5 6. a4 b4 7. Bg2 d6 8. b3 g6 9.
Bb2 Bg7 10. Nf3 O-O 11. O-O Ba6 12. Re1 Re8 13. Qc2 Ne4 14. Nfd2 Bxb2 15. Qxb2
Qf6 16. Qxf6 Nxf6 17. Nc4 Bxc4 18. bxc4 Nbd7 19. Nd2 Rab8 20. e4 g5 21. h3 Ne5
22. Bf1 h5 23. f4 gxf4 24. gxf4 Ng6 25. f5 Ne5 26. Kf2 Kh7 27. Rab1 Rg8 28. Be2
Kh6 29. Rb3 Rg7 30. Rg3 Rxg3 31. Kxg3 Rg8+ 32. Kf2 h4 0-1

[Event "Hasselbacken Open 2016"]
[Site "Stockholm SWE"]
[Date "2016.05.02"]
[Round "3.4"]
[White "Postny, Evgeny"]
[Black "Anurag, Mhamal"]
[Result "1-0"]
[WhiteTitle "GM"]
[BlackTitle "IM"]
[WhiteElo "2673"]
[BlackElo "2421"]
[WhiteFideId "2804344"]
[BlackFideId "5024366"]
[EventDate "2016.04.30"]

1. d4 Nf6 2. c4 e6 3. Nf3 Bb4+ 4. Bd2 Be7 5. g3 d5 6. Bg2 O-O 7. O-O c6 8. Qc2
b6 9. Bf4 a5 10. cxd5 Nxd5 11. Bxb8 Rxb8 12. Qxc6 Ba6 13. Qc2 Rc8 14. Qd1 Qc7
15. Ne5 Rfd8 16. Bxd5 Rxd5 17. Nc3 Rdd8 18. Re1 Ba3 19. Nb5 Bxb5 20. bxa3 Qc3
21. Qb1 Qxd4 22. Qxb5 Rc5 23. Qxb6 Rxe5 24. Qxd4 Rxd4 25. e3 Rd2 26. Red1 Rxd1+
27. Rxd1 g5 28. Rc1 g4 29. Rc4 f5 30. Kf1 Kf7 31. Ke2 Rb5 32. e4 Kf6 33. Ke3 Kg5
34. exf5 exf5 35. f4+ gxf3 36. Kxf3 Rb2 37. h4+ Kf6 38. Rc6+ Ke5 39. Rc5+ Kf6
40. Rxa5 Rxa2 41. Ra6+ Ke5 42. g4 fxg4+ 43. Kxg4 Rg2+ 44. Kh5 Rg7 45. Kh6 Rc7
46. h5 Kf5 47. Ra5+ Kf6 48. a4 Rb7 49. Rb5 Ra7 50. a5 Ke6 51. Kg5 Kf7 52. Rf5+
Ke7 53. Re5+ Kf7 54. Kf5 Ra6 55. Ke4 Rd6 56. Rd5 Rc6 57. Kd4 Ke7 58. Rc5 Ra6 59.
Kc4 Kd6 60. Kb4 Ra7 61. Rc1 Rb7+ 62. Ka4 h6 63. a6 Rb2 64. Ka5 Ra2+ 65. Kb6 Rb2+
66. Ka7 Rb5 67. Rc8 Rxh5 68. Kb6 Rh3 69. Rd8+ Ke7 70. a7 Rb3+ 71. Kc5 Kxd8 72.
a8=Q+ Kc7 73. Qc6+ 1-0

[Event "Hasselbacken Open 2016"]
[Site "Stockholm SWE"]
[Date "2016.05.02"]
[Round "3.5"]
[White "Christiansen, Johan-Sebastian"]
[Black "Smirin, Ilia"]
[Result "0-1"]
[WhiteTitle "IM"]
[BlackTitle "GM"]
[WhiteElo "2410"]
[BlackElo "2665"]
[WhiteFideId "1512668"]
[BlackFideId "2801990"]
[EventDate "2016.04.30"]

1. d4 Nf6 2. Nf3 g6 3. c4 Bg7 4. g3 O-O 5. Bg2 d6 6. O-O Nc6 7. Nc3 Bf5 8. d5
Na5 9. Nd2 c5 10. e4 Bd7 11. Qc2 a6 12. a4 e6 13. b3 exd5 14. cxd5 b5 15. Bb2
Qb6 16. Nd1 Rab8 17. Ra2 bxa4 18. bxa4 Nb3 19. Nc4 Qc7 20. e5 Ne8 21. Nde3 Nd4
22. Qd3 dxe5 23. d6 Qd8 24. Ba3 Rb3 25. Qd1 Be6 26. Bxc5 Rxe3 27. fxe3 Bxc4 28.
exd4 Bxa2 29. dxe5 Be6 30. Qd4 Bd7 31. Bd5 Qg5 32. Bxf7+ Rxf7 33. Qc4 Bf5 34. d7
Nc7 35. Rxf5 gxf5 36. e6 Nxe6 37. Qxe6 Bf6 38. Be3 f4 39. Bxf4 Qc5+ 40. Kg2 Qe7
41. Qg4+ Bg7 0-1

[Event "Hasselbacken Open 2016"]
[Site "Stockholm SWE"]
[Date "2016.05.02"]
[Round "3.6"]
[White "Adhiban, Baskaran"]
[Black "Krupenski, Juri"]
[Result "1-0"]
[WhiteTitle "GM"]
[BlackTitle "FM"]
[WhiteElo "2663"]
[BlackElo "2395"]
[WhiteFideId "5018471"]
[BlackFideId "4501101"]
[EventDate "2016.04.30"]

1. e4 c5 2. c3 d5 3. exd5 Qxd5 4. d4 g6 5. Nf3 Bg7 6. Nbd2 cxd4 7. Bc4 Qd8 8.
Nxd4 Nh6 9. O-O O-O 10. N2f3 Qc7 11. Bb3 a6 12. Re1 Nf5 13. Bg5 e5 14. Nxf5 Bxf5
15. Nh4 Bc8 16. Qd3 Kh8 17. Rad1 Nc6 18. Qd6 Qxd6 19. Rxd6 h6 20. Be3 e4 21. f4
Rd8 22. Rxd8+ Nxd8 23. Bb6 Bf5 24. Rd1 Ne6 25. Nxf5 gxf5 26. g3 Bf8 27. Rd5 1-0